=LDR 00000nam 2200000 4500 =001 INLIS000000000017610 =005 20130612112824 =008 ***********************************Ind** =035 ##$$0010-061300000017610 =041 ##$$a Ind =082 ##$$a 636.68 =090 ##$$a 636.68, Wid b =100 ##$$a Widalestari, Yanti =245 ##$$a Blacklhroat, merawat dan menangkar, memperbanyak variasi suara, Yanti Widalestari =260 ##$$a 2002 $b Jakarta =300 ##$$a viii, 64 hlm, ilus, 20 cm =650 ##$$a Burung Hias-Pemeliharaan =850 ##$$a NBPNMAT